| 000 | 00876nam a2200253Ia 4500 | ||
|---|---|---|---|
| 003 | OSt | ||
| 005 | 20221002045132.0 | ||
| 006 | a|||||r|||| 00| 0 | ||
| 007 | ta | ||
| 008 | 220930b |||||||| |||| 00| 0 eng d | ||
| 020 |
_a9780471779988 (hbk) _c12129.97 |
||
| 024 | _a87612 | ||
| 037 |
_b310, 22/02/2008, Bhartiya Sahitya Bhawan _cReference Collections |
||
| 040 |
_aCRL _cCRL _beng |
||
| 041 |
_2eng _aeng |
||
| 082 | _aS:86g, P8.1-.2(RR) | ||
| 100 | _aHersen Michel Ed. | ||
| 245 | 0 | _aHandbook of psychological assesment, case conceptualization and treatment | |
| 260 |
_aNew Jersey _bJohn Wiley & _c2008 |
||
| 650 | _aPSYCHOLOGY | ||
| 700 |
_a Rosqvist Johan Ed. _9570143 |
||
| 942 |
_hS:86g, P8.1-.2(RR) _cref _2CC |
||
| 999 |
_c911855 _d911855 |
||